000 02047nam a2200373 i 4500
001 17191
003 ES-MaACL
005 20250902063050.0
007 t|
008 010117s1920 sp ac |r 101 0|spa
040 _cES-MaACL
080 _a396(460)"19"
100 1 _aValero de Mazas, María,
_d1874-1943
_eaut
_9112675
245 1 0 _aTres discursos tomados de su libro Pequeñas y serias cuestiones sociales /
_cMaría Valero de Mazas.
246 1 _a3 discursos tomados de su libro Pequeñas y serias cuestiones sociales
246 1 _aCharla sobre el encauzamiento del feminismo español
246 1 _aCharla jurídico-social (por las mujeres y para los hombres)
260 _aGranada :
_bUrania,
_c[1920]
300 _aIV, 96 páginas :
_b1 retrato, [1] hoja de lámina (blanco y negro) ;
_c17 cm
490 1 _aBiblioteca feminista (Urania)
_v1
505 0 _a3 conferencias dadas en el Ateneo de Madrid: Charla sobre el encauzamiento del feminismo español: feminismo albicante dicha... en el Ateneo de Madrid, el 12 de mayo de 1919 (tomada taquigráficamente); Charla jurídico-social (por las mujeres y para los hombres): dada en el Ateneo de Madrid, el 2 de marzo de 1920; El pauperismo y el paupérrimo intelectual (protectorado del talento español), 15 de diciembre de 1920
530 _aDisponible en formato digital
610 2 4 _aAteneo de Madrid-
_vConferencias-
_y1900-1939
_91907
650 4 _aFeminismo-
_zEspaña-
_yS.XX
_9166951
655 4 _aConferencias
_9234444
740 3 2 _aEl pauperismo y el paupérrimo intelectual (protectorado del talento español)
830 0 _aBiblioteca feminista (Urania) ;
_v1
_9242182
852 4 _aES-MaACL
_cSPP3
_gDedicatoria autógrafa de la autora
_jG-13215
852 4 _aES-MaACL
_cSPB
_gDedicatoria autógrafa de la autora
_jB-13259
856 _uhttps://bdh-rd.bne.es/viewer.vm?id=0000261359&page=1
_yVersión en línea
_z(Biblioteca Digital Hispánica)
942 _cMONOGRAFIA
_n0
999 _c17191
_d17191